000 00366 a2200121 4500
245 _aZimbabwe
_b : the next 25 years
_hprint
020 _a1779260199
650 _aAfrican History
005 20191021095347.0
260 _arh
_bBenaby Print. and Pub.
_c2005
084 _aJQ2925 .Z56 2005
300 _a192 p.
_b 21 cm.
_c192 p. ; 21 cm.
500 _aby the Centre for Peace Initiatives in Africa.
999 _c12143
_d12143